Contrato social /
Saved in:
| Format: | Book |
|---|---|
| Published: |
Madrid :
Espasa Calpe,
[2003].
|
| Series: | Grandes clásicos universales;
|
| LEADER | 00448nam a22001217a 4500 | ||
|---|---|---|---|
| 003 | AR-BeUNQ | ||
| 005 | 20240411083633.0 | ||
| 999 | |c 30441 |d 114241 | ||
| 245 | |a Contrato social / |c Jean Jacques Rousseau; prólogo Manuel Tuñón de Lara; traducción Fernando de los Ríos. | ||
| 260 | |a Madrid : |b Espasa Calpe, |c [2003]. | ||
| 490 | 1 | |a Grandes clásicos universales; | |
| 929 | |a DONACION |b Alejandro Gunkes |d 200,00 |e 20180906 |f PAT0070427 |g 3398 |h 1 |o PR |l Estante R | ||
| 942 | |c LIB |n 0 | ||